Proceedings of the Central Advisory Board of Education In India held at Madras on the 11th and 12th January, 1941 (Record no. 414498)

000 -LEADER
fixed length control field 00543cam a22001217a 4500
008 - FIXED-LENGTH DATA ELEMENTS--GENERAL INFORMATION
fixed length control field 180718b1941 xxu||||| |||| 00| 0 eng d
082 ## - DEWEY DECIMAL CLASSIFICATION NUMBER
Classification number P096x54.6
245 ## - TITLE STATEMENT
Title Proceedings of the Central Advisory Board of Education In India held at Madras on the 11th and 12th January, 1941
Statement of responsibility, etc. by Bureau of Education
260 ## - PUBLICATION, DISTRIBUTION, ETC.
Place of publication, distribution, etc. Delhi
Name of publisher, distributor, etc. The Mnager of Publications
Date of publication, distribution, etc. 1941
300 ## - PHYSICAL DESCRIPTION
Extent 131p.
500 ## - GENERAL NOTE
General note Library has Part VIth(1941), PartVIIIth(1943), PartIX, X(1944), PartXIth(1945), Part XXIVth(1957), Part XXXIIth(1965)
700 ## - ADDED ENTRY--PERSONAL NAME
Personal name India.Bureau of Education
Holdings
Withdrawn status Lost status Damaged status Not for loan Permanent Location Current Location Date acquired Full call number Barcode Date last seen Price effective from Koha item type
        Indian Institute of Public Administration Indian Institute of Public Administration 2009-02-25 P096x54.6 9793 2018-07-21 2018-07-21 Book

Powered by Koha